[Event "Bhopal GM Open 2018"]
[Site "Bhopal"]
[Date "2018.12.21"]
[Round "1"]
[White "Kheerthi Ganta"]
[Black "Nitin, S.."]
[Result "0-1"]
[WhiteElo "1549"]
[BlackElo "2450"]
[Annotator "TA"]
[PlyCount "110"]
[EventDate "2018.12.21"]
[EventType "swiss"]
[EventCountry "IND"]
[SourceTitle "playchess.com"]
[Source "ChessBase"]
[SourceQuality "1"]

{[%evp 18,109,26,23,21,-139,-127,-131,-130,-138,-131,-131,-139,-146,-138,-120,-133,-131,-125,-150,-101,-114,-63,-420,-235,-233,-242,-351,-360,-329,-359,-337,-329,-512,-327,-373,-379,-726,-706,-670,-660,-1007,-1004,-972,-575,-577,-588,-552,-553,-621,-647,-627,-627,-654,-625,-1127,-1120,-1081,-1062,-2072,-1941,-1954,-1865,-2047,-1780,-29984,-29985,-29985,-29986,-29988,-29989,-29989,-29990,-29992,-29992,-29992,-29993,-29993,-29993,-29993,-29994,-29995,-29996,-29996,-29997,-29998,-29997,-29998,-29999,-29999,-29999,-29999,-29999,-29999]} 1. d4 Nf6 2. c4 g6 3. Nc3 Bg7 4. e4 d6 5. Be2 O-O 6. Bg5 Na6 7. Qd2 Qe8 8. Nf3 e5 9. d5 {E73: King's Indian: Averbakh Variation without 6...c5} (9. dxe5 dxe5 10. O-O Nc5 11. Bxf6 Bxf6 12. Nd5 Bd8 13. Qe3 Ne6 14. c5 c6 15. Nc3 Bf6 16. b4 Nd4 17. Qd3 Be6 18. Nxd4 exd4 {1-0 (39) Granda Zuniga,J (2650)-Cuenca Jimenez,J (2506) Panama City 2017}) 9... Nc5 10. Qc2 {LiveBook: 7 Games} Bd7 $146 ({Predecessor:} 10... a5 11. Nd2 Kh8 12. h4 Nh5 13. Nb3 Nxb3 14. axb3 Bd7 15. Nb5 Qb8 16. Qd2 Nf4 {1-0 (49) Barbosa,O (2538)-Nguyen,V (2449) Kuala Lumpur 2011}) 11. b4 $2 {[#]} (11. Nd2 $11) 11... Ncxe4 $1 $17 {[%mdl 512]} 12. Nxe4 Nxe4 13. Qxe4 f5 {[%cal Bf7f5,Bf5f4][%mdl 32]} 14. Qe3 f4 $1 {[%cal Rf4e3]} 15. Qd2 e4 $1 {[%cal Re4f3][%mdl 64] Discovered Attack} 16. Nd4 Qe5 {[%mdl 64] Double Attack} 17. Bxf4 Rxf4 ({Much less strong is} 17... Qxd4 18. Rd1 $15) 18. Rd1 Raf8 19. O-O Bh6 ({Black should play} 19... Rh4 $1 $17 {[%csl Gh4][%cal Re5h2]} 20. g3 Rxf2 $1 {[%mdl 576] Decoy} 21. Rxf2 e3 {[%mdl 64] Double Attack}) 20. Qc2 $2 {[%mdl 8192] [#]} (20. g3 $15) 20... Rxf2 $1 {[%mdl 512]} 21. Rxf2 $19 Be3 $1 {[%csl LRd4,LRf2][%mdl 64] Double Attack} 22. Nf3 (22. Bf3 $142) 22... Bxf2+ ({Less strong is} 22... exf3 23. Bxf3 Bf5 24. Qe2 $17) 23. Kxf2 exf3 24. Bxf3 Qxh2 25. Qe4 (25. Qc1 $142 Bg4 26. Rd3) 25... Bf5 26. Qd4 g5 27. Ke1 $2 {[#]} (27. Qe3 h6 28. Rd4) 27... g4 $1 {[%mdl 512]} 28. Be2 (28. Bxg4 Qg3+) 28... Qxg2 29. Kd2 Re8 30. Re1 Qe4 31. Qxe4 Rxe4 {[%mdl 4096] Endgame KRB-KRB} 32. Rf1 Re5 33. Rg1 h5 34. Rh1 Bg6 35. Rg1 Kg7 36. Bd3 Bxd3 37. Kxd3 {KR-KR} Kg6 38. Kd4 Kg5 39. c5 h4 40. b5 b6 41. cxd6 cxd6 {Black mates.} 42. Rc1 h3 43. Rc8 h2 44. Rh8 g3 45. Rh3 Kg4 46. Rh7 g2 47. Rg7+ Kf3 48. Rf7+ Ke2 49. Rg7 g1=Q+ 50. Rxg1 hxg1=Q+ 51. Kc4 Qc1+ 52. Kb4 Qb2+ {[%mdl 64] Double Attack} 53. Kc4 a5 {[%cal Re5e4]} 54. a4 Qc2+ 55. Kd4 Qc5# {Accuracy: White = 28%, Black = 81%.} (55... Qd3# $142) 0-1

[Event "Bhopal GM Open 2018"]
[Site "Bhopal"]
[Date "2018.12.21"]
[Round "1"]
[White "Khamele Ojas"]
[Black "Nguyen, Van Huy"]
[Result "0-1"]
[WhiteElo "1544"]
[BlackElo "2438"]
[Annotator "TA"]
[PlyCount "72"]
[EventDate "2018.12.21"]
[EventType "swiss"]
[EventCountry "IND"]
[SourceTitle "playchess.com"]
[Source "ChessBase"]
[SourceQuality "1"]

{[%evp 9,72,-16,-4,-27,-12,-31,-24,-35,37,-45,-59,-64,-10,-33,-29,-63,-54,-58,-47,-41,-38,-43,-39,-43,-40,-51,-41,-41,-34,-173,-172,-158,-139,-147,-146,-201,-187,-210,-199,-204,-206,-257,-255,-429,-409,-497,-511,-972,-893,-993,-974,-1231,-1195,-1204,-1202,-1100,-1076,-1033,-1018,-29990,-29991,-29991,-29991,-29998,-29999]} 1. Nf3 Nf6 2. g3 d5 3. c4 d4 4. b4 a5 5. Bb2 (5. b5 c5 6. Bg2 Nbd7 7. O-O e5 8. e3 Bd6 9. d3 O-O 10. Re1 Rb8 11. exd4 exd4 {0-1 (35) Grischuk,A (2752)-Aronian,L (2784) chess.com INT 2016}) 5... c5 {LiveBook: 3 Games} 6. a3 $146 {A09: Réti Opening: 1 Nf3 d5 2 c4} ({Predecessor:} 6. bxc5 Nc6 7. Bg2 e5 8. O-O Bxc5 9. d3 O-O 10. Ba3 Nd7 11. Nfd2 Qe7 12. Qc1 {1-0 (45) Sakaev,K (2649)-Heberla,B (2509) Plovdiv 2008}) 6... Qc7 ({Much weaker is} 6... cxb4 7. axb4 e5 8. Nxe5 $11) 7. bxc5 e5 8. e3 {Black has an edge.} Bg4 (8... Bxc5 $15 9. exd4 exd4 10. Bxd4 Bxd4 11. Nxd4 O-O) 9. Qa4+ ({Better is} 9. exd4 $14 e4 10. Bg2 (10. Qa4+ Bd7 $15)) 9... Nc6 $15 10. Bg2 $1 {[#] aiming for Nxe5!} Bd7 (10... Nd7 $15) 11. Qb3 {[%cal Re3d4]} a4 12. Qd1 {[%cal Re3d4]} Bxc5 {Strongly threatening ...Qb6.} 13. exd4 exd4 14. O-O O-O $36 {[%mdl 2048] Black fights for an advantage.} 15. d3 h6 16. Nbd2 Bf5 17. Qc2 Rfe8 18. Rae1 Qd6 19. Ne4 ({White should play} 19. Rxe8+ $15 Rxe8 20. Ra1) 19... Nxe4 $19 20. dxe4 Bh7 21. Qd3 Ra6 {[%cal Ba8a6,Ba6b6,Bb6b3][%mdl 32]} 22. Qd2 (22. Qd1 $17) 22... Rb6 ({Don't play} 22... Bxa3 23. e5 $17) 23. e5 Qd7 ({Inferior is} 23... Nxe5 24. Nxe5 Rxe5 25. Bd5 $11) 24. Rd1 {[%cal Rb2d4]} d3 25. Ne1 Rb3 26. e6 $2 (26. Nf3) 26... Qxe6 27. Bd5 Qf5 {[#] Hoping for ...Re2.} 28. Nf3 (28. Bf3 $142) 28... Re2 29. Nh4 Rxd2 30. Nxf5 Rxd1 31. Rxd1 Bxf5 32. Bc1 Rb1 {Threatens to win with ...Bxa3!} 33. Bf3 Nd4 34. Be3 Nxf3+ {Black mates.} 35. Kg2 Rxd1 36. Bxc5 Bg4 {Accuracy: White = 18%, Black = 67%.} 0-1

[Event "Bhopal GM Open 2018"]
[Site "Bhopal"]
[Date "2018.12.22"]
[Round "2"]
[White "Aleksandrov, Aleksej"]
[Black "Shahid Azmat"]
[Result "1-0"]
[WhiteElo "2590"]
[BlackElo "1764"]
[Annotator "TA"]
[PlyCount "37"]
[EventDate "2018.12.21"]
[EventType "swiss"]
[EventCountry "IND"]
[SourceTitle "playchess.com"]
[Source "ChessBase"]
[SourceQuality "1"]

{[%evp 9,37,83,78,88,125,119,137,89,94,78,193,167,260,264,248,222,244,212,298,316,335,331,391,389,389,380,596,609,576,587]} 1. d4 Nf6 2. c4 e6 3. Nc3 b6 4. e4 {[%cal Be2e4,Be4e5][%mdl 32]} d5 (4... Bb4 5. e5 Ne4 6. Qg4 Nxc3 7. a3 Bf8 8. bxc3 h6 9. Qe4 c6 10. Nf3 Bb7 11. Bd3 d5 12. exd6 Bxd6 {1-0 (29) Zhou,J (2551)-Habibulla,F (2517) Vishakapatnam 2008}) 5. cxd5 exd5 6. e5 {A50: Queen's Fianchetto Defence (1 d4 Nf6 2 c4 b6)} Ng8 7. Bd3 Ne7 8. Qf3 $146 {White is clearly better.} ({Predecessor:} 8. Nge2 g6 9. Bg5 h6 10. Bf6 Rg8 11. Nf4 c6 12. O-O Bg7 13. Re1 Be6 14. Bxg6 Bxf6 15. Nxe6 Qd7 16. exf6 Rxg6 17. Ng7+ {1-0 (17) Giampa,A (2226)-Martinez,D (2007) La Plata 2012}) 8... Be6 9. Nh3 h6 (9... Nbc6 $16) 10. Nf4 $18 c6 (10... Qd7 $142 11. Nxe6 fxe6) 11. O-O Qd7 12. Re1 g6 13. Nce2 Bg7 (13... Bg4 {might work better.} 14. Qg3 Rg8) 14. Nxe6 fxe6 15. Nf4 Rf8 16. Qg4 Rxf4 17. Bxf4 g5 (17... h5 {is a better defense.} 18. Bxg6+ Nxg6 19. Qxg6+ Qf7 20. Qxf7+ Kxf7) 18. h4 gxf4 19. Qxg7 {Accuracy: White = 78%, Black = 43%.} 1-0

[Event "Bhopal GM Open 2018"]
[Site "Bhopal"]
[Date "2018.12.22"]
[Round "2"]
[White "Movsziszian, Karen"]
[Black "Falgun, D Purohit"]
[Result "1-0"]
[WhiteElo "2505"]
[BlackElo "1758"]
[Annotator "TA"]
[PlyCount "74"]
[EventDate "2018.12.21"]
[EventType "swiss"]
[EventCountry "IND"]
[SourceTitle "playchess.com"]
[Source "ChessBase"]
[SourceQuality "1"]

{[%evp 14,74,32,34,65,38,32,30,35,17,22,22,64,56,64,64,60,51,72,73,138,155,138,145,174,147,158,154,210,205,206,208,194,163,397,268,267,267,271,273,351,350,335,331,344,338,445,435,500,500,514,506,525,516,1016,1002,1081,1167,1220,1268,1419,1322,1434]} 1. g3 g6 2. Bg2 Bg7 3. c4 c6 4. Nc3 Nf6 5. e4 d6 6. Nge2 O-O 7. O-O e5 8. d4 {LiveBook: 115 Games} Be6 {E72: King's Indian: 4 e4 d6 5 g3} (8... Nbd7 9. b3 exd4 10. Nxd4 Re8 11. Be3 Nc5 12. f3 d5 13. Nxc6 bxc6 14. Bxc5 dxc4 15. Qxd8 Rxd8 16. Rfd1 Rxd1+ 17. Rxd1 Nd7 18. Bd4 cxb3 19. axb3 {½-½ (85) Hammer,J (2631)-Arvola,B (2471) Sarpsborg 2018}) 9. d5 cxd5 10. cxd5 Bd7 {White has an edge.} 11. Qb3 Na6 $146 ({Predecessor:} 11... b6 12. Qa3 Ne8 13. Bd2 Qc8 14. Rac1 Qb7 15. Rc2 Na6 16. b4 {1-0 (44) Lakat,G (2014)-Papp,J (1887) Budapest 2006}) 12. Qxb7 Qa5 13. Qb3 $1 Nc5 14. Qd1 $36 {[%mdl 2048] White has some pressure.} Rab8 15. Rb1 $1 Rfc8 16. b3 Bb5 (16... Nh5 $142) 17. Nxb5 $16 Qxb5 18. Nc3 Qb4 19. Bd2 Qd4 {[%cal Rf6e4]} 20. Qe2 Nd3 (20... Qd3 $16 {was necessary.}) 21. Rfd1 Ng4 22. Be3 $1 {[%cal Re3d4]} (22. Qxg4 $2 Nxf2 23. Be3 Qxe3 $19) 22... Qxc3 23. Qxg4 ({Don't do} 23. Rxd3 $6 Qc2 $14) 23... Nc5 $2 (23... Qc2 {is a better defense.} 24. Ra1 (24. Bxa7 Ra8 $16) 24... a5) 24. Rdc1 Qb4 {[#]} 25. a3 $1 {[%cal Ba2a3,Ba3a4][%mdl 544]} Qb7 (25... Qxa3 26. b4) 26. b4 h5 27. Qd1 ({Not} 27. bxc5 hxg4 28. Rxb7 Rxb7 $16) 27... Nd7 28. Bh3 Rxc1 29. Rxc1 ({Less strong is} 29. Qxc1 Rc8 $18) 29... Nb6 30. a4 {White is clearly winning.} Bf8 31. Rc6 Na8 32. b5 Nb6 33. Qc2 Rd8 (33... Nxa4 $142 34. Qxa4 Qxb5 35. Qxa7 Rb7) 34. Rc7 $18 Qb8 35. Qc6 Nxa4 36. Rb7 Qa8 37. Rxa7 Qxc6 {Accuracy: White = 93%, Black = 37%.} 1-0

[Event "Bhopal GM Open 2018"]
[Site "Bhopal"]
[Date "2018.12.22"]
[Round "2"]
[White "Khusenkhojaev, Muhammad"]
[Black "Kapadi Yash"]
[Result "1-0"]
[WhiteElo "2455"]
[BlackElo "1749"]
[Annotator "TA"]
[PlyCount "61"]
[EventDate "2018.12.21"]
[EventType "swiss"]
[EventCountry "IND"]
[SourceTitle "playchess.com"]
[Source "ChessBase"]
[SourceQuality "1"]

{[%evp 9,61,22,43,29,45,29,34,39,36,13,58,53,107,100,102,102,104,92,114,125,136,83,93,97,110,117,135,108,170,158,168,166,191,143,211,215,266,214,258,258,256,275,284,235,450,434,447,452,444,434,438,392,855,845]} 1. Nf3 Nf6 2. b3 d6 3. d4 Nbd7 (3... g6 4. Bb2 Bg7 5. g3 O-O 6. Bg2 e5 7. dxe5 dxe5 8. Qxd8 Rxd8 9. Nxe5 Ng4 10. Nd3 Bxb2 11. Nxb2 Na6 12. Nc3 Nb4 13. Rc1 Bf5 14. e4 {1-0 (57) Andreikin,D (2712)-Fedoseev,V (2724) Moscow 2018}) 4. Bb2 c6 5. g3 Qc7 6. c4 {A46: 1 d4 Nf6 2 Nf3 e6: Torre, London and Colle Systems} e5 7. Bg2 e4 $146 ({Predecessor:} 7... Be7 8. O-O O-O 9. Re1 e4 10. Nfd2 d5 11. f3 exf3 12. Bxf3 {0-1 (78) Kabai,Z (1771)-Sysoykina,L Sibenik 2007}) 8. Nfd2 {White is slightly better.} d5 9. e3 Bd6 10. Nc3 a6 ({Black should try} 10... Bb4 $14) 11. Rc1 $16 {cxd5 is the strong threat.} Qd8 12. f3 exf3 13. Qxf3 Qe7 14. O-O {[%cal Rc4d5]} O-O 15. Rce1 (15. cxd5 $142 Nxd5 16. Nxd5 cxd5 17. Qxd5 Qxe3+ 18. Rf2) 15... Bb4 16. e4 dxe4 17. Ndxe4 Qd8 18. Re2 $36 {[%mdl 2048] White is on the roll.} Qa5 (18... Nxe4 $16 19. Nxe4 (19. Qxe4 Nf6 $16) 19... f5) 19. a3 Bxc3 20. Nxc3 Qb6 21. Nd1 Rd8 (21... a5 $16 {was necessary.} 22. Nf2 h6) 22. Nf2 $18 Qa5 23. h3 Qh5 24. g4 Qg6 25. Qf4 Nf8 26. Ne4 Ne6 $2 {[#]} (26... Nxe4 27. Bxe4 f5) 27. Nxf6+ Qxf6 28. Qxf6 gxf6 29. d5 cxd5 30. cxd5 Nc5 $2 {[#]} (30... Nf8 31. Rxf6 Ng6) 31. Bxf6 {Accuracy: White = 67%, Black = 45%.} 1-0

[Event "Bhopal GM Open 2018"]
[Site "Bhopal"]
[Date "2018.12.22"]
[Round "2"]
[White "Nguyen, Van Huy"]
[Black "Kishor, Shazzad"]
[Result "1-0"]
[WhiteElo "2438"]
[BlackElo "1730"]
[Annotator "TA"]
[PlyCount "87"]
[EventDate "2018.12.21"]
[EventType "swiss"]
[EventCountry "IND"]
[SourceTitle "playchess.com"]
[Source "ChessBase"]
[SourceQuality "1"]

{[%evp 14,87,27,13,50,52,74,64,73,52,49,59,51,35,54,52,50,55,95,89,104,90,177,174,333,325,306,222,233,138,131,106,172,171,424,423,408,408,508,355,344,339,337,335,320,210,209,222,201,208,438,354,330,318,756,745,1056,1056,1017,1054,1023,1018,1600,1528,29975,29978,29977,29978,29979,29980,29987,29988,29990,29988,29990,29991]} 1. d4 d5 2. Nf3 Nf6 3. c4 c6 4. Nc3 e6 5. Bg5 Be7 6. e3 h6 7. Bh4 O-O 8. Rc1 {LiveBook: 60 Games. D53: Queen's Gambit Declined: 4 Bg5 Be7: Early deviations} (8. Bd3 dxc4 9. Bxc4 b5 10. Be2 Nbd7 11. O-O a6 12. Qc2 Bb7 13. Rfd1 Rc8 14. Ne5 Qe8 15. Bf3 Nxe5 16. dxe5 Nd7 17. Bg3 Rb8 18. Ne4 c5 19. Nd6 Bxd6 20. Bxb7 Rxb7 21. exd6 {½-½ (35) Zhak,B (2605)-Stephan,J (2568) ICCF email 2015}) 8... Re8 9. Bd3 Ne4 $146 {Hoping for ...Nxc3.} ({Predecessor:} 9... dxc4 10. Bxc4 b5 11. Bd3 Bb7 12. O-O Nbd7 13. e4 Nb6 14. e5 Nfd5 15. Bxe7 Qxe7 {1-0 (32) Konusoglu,K (1545)-Saribiyik,Z (1617) Konya 2017}) 10. Bxe7 {White is better.} Nxc3 11. Rxc3 (11. Bh7+ {looks sharper.} Kh8 12. Rxc3 Qxe7 13. Bc2 Nd7 14. O-O) 11... Qxe7 12. O-O Nd7 13. Re1 e5 14. dxe5 dxc4 15. Rxc4 Qf8 {[#]} 16. Re4 $1 Nc5 17. Rd4 Nd7 (17... Nxd3 $16 {was called for.} 18. Qxd3 c5) 18. e6 $1 $18 {[%cal Re6d7]} fxe6 $2 (18... Rxe6 19. Bf5 Nb6) 19. Bg6 Re7 20. Qc2 {Black must now prevent Red1.} e5 21. Rd2 (21. Bh7+ $18 Kh8 22. Nh4) 21... Nf6 $16 22. h3 Bd7 (22... e4 $16) 23. Red1 $18 Be8 $2 (23... e4) 24. Rd8 Rxd8 25. Rxd8 Rd7 26. Ra8 Qe7 27. Qb3+ Kf8 28. Nh4 Qd6 29. Nf5 $40 {[%mdl 128] White goes for the king.} ({Weaker is} 29. Rxa7 Qd1+ 30. Qxd1 Rxd1+ 31. Kh2 b5 $18) 29... Qd1+ 30. Kh2 {Bxe8 would kill now.} Qxb3 31. axb3 b6 $2 (31... e4 32. b4 Rd2) 32. g4 e4 33. Kg3 a5 $2 (33... Rd5 34. h4 Re5) 34. h4 {[%cal Bh3h4,Bh4g5][%mdl 32]} Rd5 35. g5 hxg5 36. hxg5 Rxf5 37. Bxf5 {[%mdl 4096] Endgame KRB-KBN} Nh5+ 38. Kg4 Ke7 {[#]} 39. Rxe8+ $1 {[%mdl 512] White mates.} Kxe8 40. Kxh5 c5 41. Kg6 b5 42. Kxg7 a4 43. bxa4 bxa4 44. Kf6 {Accuracy: White = 68%, Black = 24%.} 1-0

[Event "Bhopal GM Open 2018"]
[Site "Bhopal"]
[Date "2018.12.22"]
[Round "2"]
[White "Manik, Mikulas"]
[Black "Harshit Ranjan Sahu"]
[Result "1-0"]
[WhiteElo "2410"]
[BlackElo "1721"]
[Annotator "TA"]
[PlyCount "111"]
[EventDate "2018.12.21"]
[EventType "swiss"]
[EventCountry "IND"]
[SourceTitle "playchess.com"]
[Source "ChessBase"]
[SourceQuality "1"]

{[%evp 11,111,31,36,26,49,39,30,43,102,100,133,87,94,39,45,75,64,45,52,0,2,0,10,0,35,37,58,48,112,112,112,112,112,112,113,115,115,114,159,153,144,124,154,85,82,84,96,93,100,27,27,27,27,27,125,8,8,8,8,8,8,8,34,34,3017,2504,6131,6108,5173,5081,29966,29966,29967,29968,29969,29970,29970,29972,29972,29973,29972,29974,29974,29975,29975,29976,29976,29977,29976,29977,29976,29978,29978,29979,29979,29980,29980,29981,29984,29985,29987,29988]} 1. e4 e5 2. Nf3 Nc6 3. Bb5 f5 4. d3 fxe4 5. dxe4 Nf6 6. O-O d6 {LiveBook: 202 Games} 7. a4 {C63: Ruy Lopez: Schliemann/Jaenisch Defence} (7. Nc3 Be7 8. Bc4 Na5 9. Be2 O-O 10. Nd5 Kh8 11. Qd3 Nxd5 12. exd5 Bf5 13. Qe3 c5 14. Bd3 b6 15. Bxf5 Rxf5 16. Qd3 {1-0 (37) Anand,V (2771)-Shyam,S (2505) Douglas 2018}) 7... Be7 8. Bc4 $146 ({Predecessor:} 8. Nc3 Bg4 9. Qd3 Bxf3 10. Qxf3 O-O 11. Qd1 Kh8 12. Be3 Qd7 13. f3 a6 14. Bc4 Nh5 15. g3 Rf6 16. Rf2 {½-½ (16) Manik,M (2400)-Nyysti,S (2314) Pardubice 2018}) 8... Bg4 9. h3 {White has an edge.} Bxf3 ({Black should play} 9... Bh5 $14) 10. Qxf3 $16 Qd7 11. c3 O-O-O 12. b4 (12. Rd1 $16) 12... Nxe4 $1 $14 13. Qxe4 {Strongly threatening Bd5.} d5 14. Bxd5 Qxd5 15. Qxd5 Rxd5 16. Nd2 Rhd8 17. Ne4 Rd1 18. Be3 Rxf1+ 19. Kxf1 Nb8 (19... Bf6 $14) 20. Bxa7 $16 Nd7 {[#]} 21. Be3 $1 Nf6 22. Nxf6 Bxf6 {[%mdl 4096] Endgame KRB-KRB} 23. Ke2 e4 24. Rc1 Rd5 25. b5 c6 26. g4 h6 27. Rb1 (27. c4 $142 Rd3 28. bxc6) 27... Bxc3 28. bxc6 bxc6 29. Rc1 Rd3 30. f3 ({White should try} 30. a5 $16) 30... Bd4 $1 $11 31. Bxd4 Rxd4 32. Rxc6+ {KR-KR} Kd8 (32... Kd7 $1 $11 33. Ra6 exf3+ 34. Kxf3 Rd3+ 35. Kg2 Rd2+ 36. Kg3 Rd3+ 37. Kg2 Rd2+ 38. Kf3 Rd3+ 39. Kg2) 33. Rg6 (33. a5 $16) 33... exf3+ 34. Kxf3 Rxa4 35. Rxg7 {Hoping for Rh7.} Ra3+ 36. Kg2 {Black must now prevent Rh7.} Ra6 37. Rf7 Ra5 $2 {[%mdl 8192]} (37... Ke8 $14 38. Rf5 Ke7) 38. Kg3 $18 h5 39. Rf5 Ra3+ {[#]} 40. Kh4 $1 hxg4 41. hxg4 {White mates.} Ke7 42. g5 {[%cal Bg4g5,Bg5g6,Bg6g7][%mdl 32]} Ra1 43. g6 Rh1+ 44. Kg5 Rh2 45. g7 Rg2+ 46. Kh6 Rh2+ 47. Kg6 Rg2+ 48. Kh7 Rh2+ 49. Kg8 Rh1 50. Rf2 Ke8 51. Re2+ Kd7 52. Re4 Kd6 53. Kf7 Rf1+ 54. Kg6 Rg1+ 55. Kf6 Kd7 56. Re5 {Accuracy: White = 69%, Black = 31%.} 1-0

[Event "Bhopal GM Open 2018"]
[Site "Bhopal"]
[Date "2018.12.22"]
[Round "2"]
[White "Dhruv Dak"]
[Black "Tran, Tuan Minh"]
[Result "0-1"]
[WhiteElo "1770"]
[BlackElo "2524"]
[Annotator "TA"]
[PlyCount "62"]
[EventDate "2018.12.21"]
[EventType "swiss"]
[EventCountry "IND"]
[SourceTitle "playchess.com"]
[Source "ChessBase"]
[SourceQuality "1"]

{[%evp 13,62,-3,0,-27,-11,-36,-29,-33,-33,-33,-26,-37,-27,-33,-29,-28,-37,-30,-25,-24,-27,-41,-33,-41,-37,-33,-27,-39,-23,-18,0,-336,-327,-324,-307,-335,-341,-366,-379,-384,-373,-443,-372,-483,-483,-522,-521,-510,-532,-544,-545]} 1. Nf3 c5 2. g3 b5 (2... Nc6 3. c4 g6 4. Bg2 Bg7 5. O-O e5 6. Nc3 Nge7 7. a3 a5 8. Ne1 d6 9. Nc2 Be6 10. Ne3 O-O 11. d3 Rb8 12. Ned5 Bd7 13. Rb1 Nxd5 14. cxd5 Ne7 15. b4 cxb4 16. axb4 {½-½ (45) Le,Q (2715)-Lenic,L (2656) chess.com INT 2018}) 3. b3 Bb7 4. Bb2 Nf6 5. Bg2 e6 6. O-O {A04: Unusual lines after 1 Nf3 and King's Indian Attack} Be7 7. a4 b4 {LiveBook: 4 Games} 8. d4 $146 {The position is equal.} ({Predecessor:} 8. c4 bxc3 9. Nxc3 O-O 10. d4 cxd4 {½-½ (70) Alagulian,K (2293)-Reshetnikov,A (2447) Moscow 2010}) 8... O-O 9. c3 Na6 10. dxc5 Rc8 {[%cal Ba8c8,Bc8c5,Bc5d5][%mdl 32]} 11. cxb4 Nxb4 12. Ne5 Bxg2 13. Kxg2 Rxc5 14. Nd3 Qa8+ 15. Kg1 $1 Nxd3 16. Qxd3 Rb8 $36 {[%mdl 2048] Black has good play.} 17. Ba3 Rd5 18. Qf3 Bxa3 19. Nxa3 Qb7 20. Rab1 h5 21. Rfc1 Ne4 {Hoping for ...Rf5.} 22. Qg2 $2 {[%mdl 8192]} ({Wrong is} 22. Qxe4 $2 Rd1+ 23. Rxd1 Qxe4 $19) (22. Qe3 $1 $11 {and White has nothing to worry.}) 22... Rf5 $19 23. Rf1 Nd2 {[%mdl 64] [#] Double Attack} 24. Qxb7 Rxb7 25. Nc4 Nxb1 ({Resist} 25... Nxf1 26. Kxf1 Rc5 27. Nd2 $19) 26. Rxb1 {[%mdl 4096] Endgame White wants to play Nd6. KRR-KRN} Rc5 27. Nd6 Rb6 28. Ne4 Rc2 {Black is clearly winning.} 29. Kf1 d5 30. Ng5 Rc3 31. b4 Rc4 {Accuracy: White = 58%, Black = 75%.} 0-1

[Event "Bhopal GM Open 2018"]
[Site "Bhopal"]
[Date "2018.12.22"]
[Round "2"]
[White "Ayush Jha"]
[Black "Deviatkin, Andrei"]
[Result "0-1"]
[WhiteElo "1764"]
[BlackElo "2464"]
[Annotator "TA"]
[PlyCount "66"]
[EventDate "2018.12.21"]
[EventType "swiss"]
[EventCountry "IND"]
[SourceTitle "playchess.com"]
[Source "ChessBase"]
[SourceQuality "1"]

{[%evp 9,66,-3,11,-2,11,-7,0,-25,-8,-31,-34,-43,-51,-45,-40,-68,-37,-54,-30,-34,-34,-43,26,17,7,9,21,22,22,18,26,22,29,38,37,0,38,0,-7,-38,-35,-85,-85,-214,-215,-217,-196,-235,-140,-179,-138,-166,-55,-1255,-1229,-29974,-29975,-29974,-29976]} 1. c4 e5 2. Nc3 f5 3. g3 Nf6 4. Bg2 Bb4 5. Qb3 Bxc3 {LiveBook: 3 Games} (5... a5 6. a3 Bxc3 7. Qxc3 d6 8. d3 O-O 9. Bg5 Nc6 10. f4 Qe8 11. fxe5 dxe5 12. Bxc6 Qxc6 13. Nf3 {½-½ (31) Wen,Y (2585)-Liu,G (2459) Xinghua 2018}) 6. bxc3 {A21: English Opening: 1...e5 2 Nc3} O-O 7. d3 Nc6 8. Nh3 {The position is equal.} h6 $146 ({Predecessor:} 8... d6 9. a4 Qe8 10. a5 Rb8 11. Qc2 Bd7 12. a6 b6 13. Ng1 Qg6 14. e3 Na5 15. Ne2 Bc6 16. Bxc6 Nxc6 {½-½ (16) Hare,T (2067)-Hessing,R (1607) South Perth 2006}) 9. O-O d6 10. Ba3 Na5 11. Qc2 c5 12. Rad1 Qc7 13. Bc1 Be6 14. f4 e4 15. Nf2 {[%cal Rd3e4]} Rae8 ({Black should play} 15... Kh8 $15) 16. dxe4 $11 Bxc4 17. Rfe1 fxe4 18. Nxe4 Nxe4 19. Bxe4 Bf7 20. Bg2 Nc4 21. e4 b5 22. Bf1 Qc6 23. Qg2 Re7 24. Bxc4 Bxc4 25. f5 Rfe8 {[%cal Re7e4]} 26. Bf4 (26. f6 $17 Rxe4 27. Rxe4 Rxe4 28. fxg7) 26... Rxe4 $19 27. Rxe4 Rxe4 28. Bxd6 Qe8 (28... Be2 $19 29. Rb1 Qd5) 29. h3 $17 Re2 $40 {[%mdl 128] Black has strong attack.} 30. Qf3 {[#]} Re1+ ({But not} 30... Rxa2 31. Bxc5 Bb3 32. Rf1 $15) (30... Rd2 $1 $19 {[%mdl 512] Threatens to win with ...Bd5.} 31. f6 (31. Rxd2 Qe1+) 31... Bd5 32. f7+ Bxf7 33. Rxd2 Qe1+ {[%mdl 64] Double Attack} 34. Qf1 Qxd2 {[%mdl 64] Double Attack} 35. Bxc5 Qxc3) 31. Kh2 $2 {[%mdl 8192]} (31. Kf2 $15 Re2+ 32. Kg1) 31... Re3 $19 32. Qf4 Re2+ {[%mdl 64] Double Attack} 33. Kg1 Qc6 {Accuracy: White = 36%, Black = 49%.} 0-1